Top "B" Baby Names for Boys in 2013 in the United States. - Statistics

General Stats
  • This quiz has been taken 1,907 times
  • The average score is 20 of 50
Answer Stats
Answer % Correct
Benjamin
94%
Beau
93%
Bo
93%
Brandon
80%
Brian
80%
Bryan
80%
Bryant
80%
Billy
76%
Bobby
67%
Bradley
67%
Blake
55%
Brendan
55%
Brenden
55%
Braeden
49%
Braiden
49%
Brayden
49%
Braydon
49%
Brodie
48%
Bruce
47%
Bryce
47%
Brady
45%
Brody
44%
Brent
41%
Brett
41%
Bentlee
32%
Bentley
32%
Braxton
30%
Brock
29%
Bennett
27%
Benson
27%
Blaine
27%
Brycen
27%
Bryson
27%
Byron
27%
Beckett
20%
Barrett
18%
Brooks
18%
Bodhi
17%
Boston
17%
Blaze
16%
Brantlee
15%
Brantley
15%
Bruno
14%
Branson
12%
Bronson
10%
Braylen
9%
Braylon
9%
Bowen
7%
Brentley
5%
Brecken
2%
No matching quizzes found
Score Distribution
Percent of People with Each Score
Percentile by Number Answered
Your Score History
You have not taken this quiz